Alan wake 2 chapters - Statistics

General Stats
  • This quiz has been taken 5 times
  • The average score is 5 of 19
Answer Stats
Hint Answer % Correct
3 Local Girl
75%
6 Scratch
75%
8 Deerfest
50%
1 Late Night
50%
2 Casey
25%
9 Gone
25%
1 Invitation
25%
1 Lake House
25%
7 Masks
25%
4 No Chance
25%
5 Old Gods
25%
6 Return
25%
7 Summoning
25%
2 The Heart
25%
4 We Sing
25%
5 665
0%
9 Come Home
0%
3 Haunting
0%
8 Zane's Film
0%
No matching quizzes found
Score Distribution
Percent of People with Each Score
Percentile by Number Answered
Your Score History
You have not taken this quiz